10 mots dans mots : prénoms 2 (click quiz) - Statistiques

Statistiques générales
  • Ce quiz a été pris 84 fois
  • Le résultat moyen est 6 sur 10
Statistiques - réponses
Hint Réponse % Correct
Extra---gétaire Bud
76%
R---scularisation Eva
76%
Aba---rdissement Lou
75%
Constitutionn---sation Ali
71%
---eusement Joy
71%
---akiste Kay
60%
Thermonuc---ire Léa
49%
---ane Guy
46%
Mononuc---sique Léo
46%
Ma---uvrabilité Noé
44%
Aucun quiz correspondant
Distribution des résultats
% des personnes avec chaque résultat
Percentile par nombre de réponses
Votre historique - résultats
Vous n’avez pas pris ce quiz